000 01042nam a2200277 i 4500
001 197451
003 SpMaBN
005 20250822063247.0
008 250325s2024 sp |||||| 000 | spa|
017 _aM 8996-2024
_bOficina Depósito Legal Madrid
020 _a9788409600526
040 _aSpMaBN
_bspa
_cSpMaBN
_erda
245 1 0 _aConstruir futuro :
_bun contrato social para Iberoamérica /
_cCecilia Güemes (coordinadora).
260 _aMadrid :
_bFundación Carolina,
_c2024.
300 _a110 páginas ;
_c23 cm
336 _aTexto
_2rdacontent
337 _asin mediación
_2rdamedia
338 _avolumen
_2rdacarrier
650 4 _911325
_aContrato social
700 1 _aGüemes, Cecilia
_ecoor
_9241950
852 _aES-MaACL
_cDEPOJ
_jN-10498
_xEncuadernación rústica con solapas
_9206621
_hDonación: Editorial
942 _cMONOGRAFIA
_n0
999 _c197451
_d197451